Obce okresu Blansko - Statistics

General Stats
  • This quiz has been taken 77 times
  • The average score is 66 of 116
Answer Stats
Počet obyvatel Odpověď % Correct
20 185 Blansko
100%
12 190 Boskovice
100%
2 982 Jedovnice
96%
4 605 Adamov
93%
7 215 Letovice
93%
2 141 Černá Hora
89%
2 854 Kunštát
89%
1 084 Olomučany
89%
3 732 Rájec-Jestřebí
89%
1 944 Lysice
86%
820 Křtiny
82%
1 486 Lipůvka
82%
983 Rudice
82%
991 Sloup
82%
685 Šošůvka
82%
896 Vavřinec
82%
1 374 Drnovice
79%
1 645 Olešnice
79%
1 107 Ostrov u Macochy
75%
592 Senetářov
75%
454 Újezd u Boskovic
75%
3 480 Velké Opatovice
75%
203 Hodonín
71%
160 Holštejn
71%
657 Skalice nad Svitavou
71%
662 Spešov
71%
398 Žďár
71%
270 Žernovník
71%
641 Bukovinka
68%
803 Cetkovice
68%
1 356 Doubravice nad Svitavou
68%
484 Krasová
68%
133 Petrov
68%
763 Vysočany
68%
671 Benešov
64%
1 300 Bořitov
64%
172 Crhov
64%
917 Kotvrdovice
64%
153 Krhov
64%
453 Lažany
64%
1 212 Lipovec
64%
173 Milonice
64%
471 Němčice
64%
1 363 Ráječko
64%
565 Rozseč nad Kunštátem
64%
830 Šebrov-Kateřina
64%
1 883 Svitávka
64%
151 Závist
64%
779 Žďárná
64%
354 Brťov-Jeneč
61%
483 Křetín
61%
104 Lubě
61%
648 Petrovice
61%
684 Sebranice
61%
468 Suchý
61%
345 Vilémovice
61%
965 Knínice
57%
241 Lazinov
57%
363 Obora
57%
275 Újezd u Černé Hory
57%
430 Úsobrno
57%
456 Valchov
57%
422 Borotín
54%
223 Chrudichromy
54%
418 Habrůvka
54%
268 Horní Poříčí
54%
432 Jabloňany
54%
116 Kozárov
54%
260 Kuničky
54%
340 Ludíkov
54%
212 Malá Roudka
54%
257 Prostřední Poříčí
54%
834 Šebetov
54%
250 Světlá
54%
76 Tasovice
54%
132 Horní Smržov
50%
372 Kořenec
50%
213 Křtěnov
50%
193 Kunice
50%
46 Lhota u Olešnice
50%
61 Louka
50%
131 Skrchov
50%
395 Svinošice
50%
383 Černovice
46%
161 Kulířov
46%
135 Lhota u Lysic
46%
124 Roubanina
46%
301 Uhřice
46%
410 Vranová
46%
273 Býkovice
43%
272 Pamětice
43%
140 Rozsíčka
43%
314 Sulíkov
43%
413 Lhota Rapotina
39%
158 Malá Lhota
39%
572 Vanovice
39%
261 Volenov
39%
232 Zbraslavec
39%
464 Bukovice
36%
249 Vísky
36%
63 Kunčina Ves
32%
614 Okrouhlá
32%
38 Ústup
32%
214 Deštná
29%
135 Dlouhá Lhota
25%
44 Makov
25%
172 Míchov
25%
220 Nýrov
25%
297 Štěchov
25%
464 Sudice
25%
558 Voděrady
25%
241 Bedřichov
21%
169 Stvolová
21%
172 Kněževes
18%
83 Žerůtky
14%
245 Vážany
11%
No matching quizzes found
Score Distribution
Percent of People with Each Score
Percentile by Number Answered
Your Score History
You have not taken this quiz